[Event "Grand Prix CCAS 2010"]
[Site "Cap d'Agde"]
[Date "2010.10.23"]
[Round "1.1"]
[White "Benmesbah, Natacha"]
[Black "Tregubov, Pavel V"]
[Result "1/2-1/2"]
[WhiteElo "2172"]
[BlackElo "2598"]
[PlyCount "69"]

1. e4 c5 2. b3 Nc6 3. Bb2 a6 4. Nc3 Nf6 5. f4 d6 6. Nf3 Bg4 7. h3 Bxf3 8. Qxf3
Nd4 9. Qd3 e5 10. Ne2 Be7 11. Nxd4 cxd4 12. Be2 O-O 13. O-O Qb6 14. Kh1 Rad8
15. c3 d5 16. fxe5 Nxe4 17. cxd4 Qg6 18. Kg1 Bg5 19. Bc3 Nxd2 20. Qxg6 hxg6 21.
Bxd2 Bxd2 22. Rad1 Be3+ 23. Kh1 Rc8 24. Bg4 Rc7 25. Rfe1 Bg5 26. e6 Rd8 27.
exf7+ Kxf7 28. Be6+ Kf8 29. Re5 Bf6 30. Rxd5 Rxd5 31. Bxd5 Rd7 32. Be4 Rxd4 33.
Rxd4 Bxd4 34. Bxb7 a5 35. a4 1/2-1/2

[Event "Grand Prix CCAS 2010"]
[Site "Cap d'Agde"]
[Date "2010.10.23"]
[Round "1.2"]
[White "Palac, Mladen"]
[Black "Sanchez, Nicolas"]
[Result "1-0"]
[WhiteElo "2561"]
[BlackElo "2169"]
[PlyCount "71"]
[EventDate "2010.??.??"]

1. e4 c5 2. Nf3 d6 3. d4 cxd4 4. Nxd4 Nf6 5. Nc3 g6 6. Be3 Bg7 7. Be2 Nc6 8.
Qd2 Bd7 9. O-O-O h5 10. f3 Rc8 11. Kb1 Ne5 12. Rhe1 O-O 13. h3 Nc4 14. Bxc4
Rxc4 15. g4 b5 16. e5 dxe5 17. Nb3 Qa8 18. g5 Bxh3 19. gxf6 exf6 20. Ne4 Bf5
21. Nbc5 Rc8 22. b3 {#} 22... Bxe4 23. bxc4 Bxf3 24. cxb5 Rb8 25. a4 a6 26.
Nxa6 Qxa6 27. Qd8+ Kh7 28. Qxb8 Qxa4 29. Bc1 Bg4 30. b6 Be6 31. Qa7 Qb4+ 32.
Bb2 Bc8 33. Rg1 f5 34. Rg3 Qb5 35. Qxf7 Qxb6 36. Rdg1 1-0

[Event "Grand Prix CCAS 2010"]
[Site "Cap d'Agde"]
[Date "2010.10.23"]
[Round "1.3"]
[White "Dussol, Pierre"]
[Black "Hebden, Mark L"]
[Result "0-1"]
[WhiteElo "2167"]
[BlackElo "2556"]
[PlyCount "86"]

1. Nf3 Nf6 2. d4 d6 3. c4 g6 4. Nc3 Bg7 5. e4 O-O 6. h3 a5 7. Bg5 Na6 8. Be2 c6
9. O-O h6 10. Be3 e5 11. dxe5 dxe5 12. Qxd8 Rxd8 13. Bb6 Re8 14. Nd2 Nd7 15.
Be3 Bf8 16. Bg4 h5 17. Bxd7 Bxd7 18. Nb3 Be6 19. Rfc1 Nb4 20. Na4 b5 21. Nb6
Ra6 22. cxb5 cxb5 23. Rc3 a4 24. Nc1 f5 25. f3 f4 26. Bf2 Rd8 27. a3 Rd1+ 28.
Kh2 Rd2 29. Bg1 Nc2 30. Rxc2 Rxc2 31. Nd3 g5 32. Rd1 g4 33. hxg4 hxg4 34. Nxe5
Bg7 35. Rd8+ Kh7 36. Nxg4 Bxg4 37. fxg4 Rc6 38. g5 Rcxb6 39. Bxb6 Rxb6 40. Rd2
Kg6 41. Kh3 Kxg5 42. Rd5+ Kg6 43. Rd2 Be5 0-1

[Event "Grand Prix CCAS 2010"]
[Site "Cap d'Agde"]
[Date "2010.10.23"]
[Round "1.4"]
[White "Bogner, Sebastian"]
[Black "Lacroix, Romain"]
[Result "1-0"]
[WhiteElo "2549"]
[BlackElo "2167"]
[PlyCount "57"]

1. d4 d5 2. c4 c6 3. Nf3 Nf6 4. Nc3 a6 5. a4 e6 6. Bg5 a5 7. e3 Na6 8. Be2 Be7
9. O-O O-O 10. Qb3 Nb4 11. Na2 Nxa2 12. Qxa2 dxc4 13. Bxc4 Nd5 14. Bxe7 Qxe7
15. Qa3 Qxa3 16. bxa3 Nc3 17. Rfc1 Nxa4 18. Rab1 b5 19. Bb3 Nb6 20. Rxc6 Nd7
21. Rc7 Nf6 22. Ne5 Nd5 23. Bxd5 exd5 24. Rxb5 Be6 25. Nc6 g6 26. Nxa5 Rfb8 27.
Rxb8+ Rxb8 28. h3 Rb2 29. Nc6 1-0

[Event "Grand Prix CCAS 2010"]
[Site "Cap d'Agde"]
[Date "2010.10.23"]
[Round "1.5"]
[White "Milesi, Laurent"]
[Black "Cornette, Matthieu"]
[Result "0-1"]
[WhiteElo "2155"]
[BlackElo "2534"]
[PlyCount "72"]
[EventDate "2010.??.??"]

1. f4 c5 2. Nf3 g6 3. g3 Bg7 4. Bg2 Nc6 5. O-O d6 6. d3 Nh6 7. c3 O-O 8. e4 f5
9. Na3 Kh8 10. Kh1 Rb8 11. Qc2 b5 12. Be3 b4 13. Nc4 fxe4 14. dxe4 bxc3 15.
bxc3 Ba6 16. Nfd2 Na5 17. Nxa5 Qxa5 18. Rfc1 e5 19. h3 exf4 20. gxf4 Ng8 21.
Nf3 Nf6 22. Ng5 Bc4 23. Rd1 Nh5 24. Rxd6 Nxf4 25. e5 Nxg2 26. Kxg2 Bxe5 27. Rd7
Bg8 28. Qe4 Qxc3 29. Rad1 Rb2+ 30. Kh1 Rh2+ 31. Kg1 Re2 32. R7d3 {#} 32... Qe1+
33. Rxe1 Rxe1+ 34. Kg2 Re2+ 35. Kh1 Rf1+ 36. Bg1 Rh2# 0-1

[Event "Grand Prix CCAS 2010"]
[Site "Cap d'Agde"]
[Date "2010.10.23"]
[Round "1.6"]
[White "Prie, Eric"]
[Black "Billon, Olivier"]
[Result "1-0"]
[WhiteElo "2526"]
[BlackElo "2154"]
[PlyCount "37"]

1. d4 Nf6 2. Bf4 g6 3. Nc3 d5 4. Qd2 Bg7 5. Bh6 O-O 6. O-O-O c6 7. f3 b5 8.
Bxg7 Kxg7 9. e3 Nbd7 10. h4 Qa5 11. Kb1 b4 12. Nce2 c5 13. dxc5 Nxc5 14. h5 Rb8
15. hxg6 fxg6 16. e4 e5 17. Nc1 Rb6 18. Qh6+ Kg8 19. Rxd5 1-0

[Event "Grand Prix CCAS 2010"]
[Site "Cap d'Agde"]
[Date "2010.10.23"]
[Round "1.7"]
[White "Julian, Stephane"]
[Black "Kosten, Anthony C"]
[Result "0-1"]
[WhiteElo "2151"]
[BlackElo "2513"]
[PlyCount "74"]

1. e4 e5 2. Nf3 Nc6 3. Bb5 a6 4. Ba4 Nf6 5. O-O Be7 6. Re1 b5 7. Bb3 O-O 8. c3
d6 9. h3 Na5 10. Bc2 c5 11. d4 Qc7 12. Nbd2 Be6 13. d5 Bd7 14. Nf1 c4 15. Ng3
Nb7 16. Nh2 Nc5 17. Ng4 Nxg4 18. hxg4 g6 19. Bh6 Rfe8 20. Re3 Bf8 21. Bxf8 Rxf8
22. Nf1 a5 23. Rg3 b4 24. Ne3 b3 25. axb3 cxb3 26. Bxb3 Nxe4 27. Rh3 Rfb8 28.
Bc2 Ng5 29. Rh4 Rxb2 30. Ra3 Rab8 31. c4 Qc5 32. Rc3 a4 33. Nf5 gxf5 34. gxf5
f6 35. Rg3 Bxf5 36. Bxf5 Qxf2+ 37. Kh2 Qxf5 0-1

[Event "Grand Prix CCAS 2010"]
[Site "Cap d'Agde"]
[Date "2010.10.23"]
[Round "1.8"]
[White "Libiszewski, Fabien"]
[Black "Lafaurie, Pierre"]
[Result "1-0"]
[WhiteElo "2498"]
[BlackElo "2150"]
[PlyCount "63"]
[EventDate "2010.??.??"]

1. e4 c5 2. Nf3 g6 3. c3 Bg7 4. d4 cxd4 5. cxd4 d5 6. e5 Nc6 7. Bb5 Nh6 8. O-O
O-O 9. Nc3 f6 10. h3 Nf7 11. exf6 Bxf6 12. Re1 e6 13. Bxc6 bxc6 14. Bf4 Nd6 15.
Rc1 c5 16. dxc5 Nc4 17. Bh6 Nxb2 18. Qe2 Nc4 19. Bxf8 Qxf8 20. c6 Qd6 21. Nb5
Qc5 22. Nc7 Rb8 23. Nxe6 Qxc6 24. Nf4 Bf5 25. Nxd5 Qxd5 26. Qxc4 Qxc4 27. Rxc4
Rb2 28. Rc7 Bg7 29. Re8+ Bf8 30. Ne5 Rb1+ 31. Kh2 Re1 {#} 32. Nd7 1-0

[Event "Grand Prix CCAS 2010"]
[Site "Cap d'Agde"]
[Date "2010.10.23"]
[Round "1.9"]
[White "Bodenez, Vincent"]
[Black "Inkiov, Ventzislav"]
[Result "0-1"]
[WhiteElo "2147"]
[BlackElo "2485"]
[PlyCount "84"]
[EventDate "2010.??.??"]

1. e4 c5 2. Nf3 d6 3. d4 cxd4 4. Nxd4 Nf6 5. Nc3 Nc6 6. Be3 e5 7. Nb3 Be7 8. f3
O-O 9. Qd2 Be6 10. Nd5 Bxd5 11. exd5 Nb8 12. a4 Nbd7 13. a5 a6 14. Be2 Nh5 15.
O-O f5 16. Ra4 f4 17. Bf2 Bh4 18. Bd3 Rc8 19. Rb4 Bxf2+ 20. Qxf2 Rc7 21. Rd1 g6
22. c4 Ng7 23. c5 dxc5 24. Rc4 Ne8 25. Nxc5 Nxc5 26. Rxc5 Nd6 27. b4 Rg7 28.
Qe2 Re8 29. Rdc1 g5 30. h3 h5 31. Qc2 g4 32. fxg4 hxg4 33. Bf5 gxh3 34. Bxh3
Kh8 35. Qe2 Qg5 36. Rc7 Reg8 37. Kh1 {#} 37... e4 38. Qb2 f3 39. Rxg7 Rxg7 40.
gxf3 exf3 41. Rd1 Qh4 42. Qh2 Ne4 0-1

[Event "Grand Prix CCAS 2010"]
[Site "Cap d'Agde"]
[Date "2010.10.23"]
[Round "1.10"]
[White "Bruno, Fabio"]
[Black "Uhoda, Philippe"]
[Result "1-0"]
[WhiteElo "2477"]
[BlackElo "2147"]
[PlyCount "69"]

1. d4 Nf6 2. Nf3 g6 3. Bg5 Bg7 4. e3 d6 5. Be2 O-O 6. O-O c5 7. Nbd2 Nc6 8. c3
cxd4 9. exd4 Bf5 10. Re1 h6 11. Bh4 g5 12. Bg3 Qd7 13. Nf1 Ne4 14. Bd3 Nxg3 15.
Nxg3 Bxd3 16. Qxd3 d5 17. h4 g4 18. Ne5 Nxe5 19. dxe5 Qe6 20. Nf5 Rfd8 21. h5
Rd7 22. Re3 Kh8 23. Nd4 Qb6 24. Qe2 e6 25. Rg3 f5 26. exf6 Bxf6 27. Rxg4 Bxd4
28. cxd4 Rg8 29. Qe5+ Kh7 30. Rxg8 Kxg8 31. Re1 Qxb2 32. Qxe6+ Rf7 33. Qg6+ Kf8
34. Qxh6+ Kg8 35. Re8+ 1-0

[Event "Grand Prix CCAS 2010"]
[Site "Cap d'Agde"]
[Date "2010.10.24"]
[Round "2.1"]
[White "Le Goff, Damien"]
[Black "Palac, Mladen"]
[Result "0-1"]
[WhiteElo "2281"]
[BlackElo "2561"]
[PlyCount "62"]
[EventDate "2010.??.??"]

1. e4 c5 2. Nf3 d6 3. Bb5+ Nd7 4. d4 cxd4 5. Qxd4 a6 6. Bxd7+ Bxd7 7. O-O Rc8
8. c4 Qc7 9. b3 b5 10. Na3 e5 11. Qd3 Qb7 12. Nd2 Nf6 13. f3 Be7 14. Nc2 O-O
15. Ne3 Be6 16. Ba3 Rfd8 17. Nd5 Nxd5 18. exd5 Bd7 19. f4 exf4 20. Rxf4 Bg5 21.
Rf2 Qb6 22. Qf3 Bxd2 23. c5 {#} Qa5 24. Bb2 Be8 25. Bxg7 Kxg7 26. Qf6+ Kg8 27.
Rf3 dxc5 28. Rg3+ Kf8 29. Rf1 Bc3 30. Qh6+ Ke7 31. Qg5+ Kd7 0-1

[Event "Grand Prix CCAS 2010"]
[Site "Cap d'Agde"]
[Date "2010.10.24"]
[Round "2.2"]
[White "Hebden, Mark L"]
[Black "Laclau, Daniel"]
[Result "1/2-1/2"]
[WhiteElo "2556"]
[BlackElo "2277"]
[PlyCount "102"]
[EventDate "2010.??.??"]

1. d4 Nf6 2. Nf3 g6 3. Nc3 d5 4. Bf4 Bg7 5. Qd2 Ne4 6. Nxe4 dxe4 7. Ne5 f6 8.
Nc4 Be6 9. e3 O-O 10. h4 Nc6 11. Be2 Bd5 12. Na5 Nxa5 13. Qxa5 c6 14. Qxd8
Rfxd8 15. c4 Bf7 16. O-O-O Rd7 17. b3 Rad8 18. Bg4 e6 19. Be2 Bf8 20. c5 a5 21.
Kc2 e5 22. dxe5 Rxd1 23. Rxd1 Rxd1 24. Bxd1 f5 25. e6 Bxe6 26. Bc7 a4 27. Bb6
axb3+ 28. axb3 Be7 29. g3 Bf6 30. Ba5 Kf7 31. Bc3 Be7 32. Bd4 Bd5 33. b4 Ke6
34. Be2 Bd8 35. Kc3 Bc7 36. g4 Bd8 37. g5 Bc7 38. Bf6 h5 39. Bf1 Bh2 40. Kd2
Bg1 41. Ke1 Bh2 42. b5 cxb5 43. Bxb5 Bc6 44. Bc4+ Bd5 45. Be2 Bc7 46. Bd4 Ba5+
47. Kf1 Bb4 48. Bb5 Bc6 49. Bc4+ Bd5 50. Bb5 Bc6 51. Bc4+ Bd5 1/2-1/2

[Event "Grand Prix CCAS 2010"]
[Site "Cap d'Agde"]
[Date "2010.10.24"]
[Round "2.3"]
[White "Van Elst, Andreas"]
[Black "Bogner, Sebastian"]
[Result "0-1"]
[WhiteElo "2276"]
[BlackElo "2549"]
[PlyCount "110"]
[EventDate "2010.??.??"]

1. e4 c5 2. Nf3 d6 3. d4 cxd4 4. Nxd4 Nf6 5. Nc3 a6 6. Be2 e5 7. Nb3 Be7 8. Be3
Be6 9. Nd5 Bxd5 10. exd5 O-O 11. c4 a5 12. O-O Na6 13. Rc1 Nd7 14. Qc2 f5 15.
f4 a4 16. Nd2 Nb4 17. Qb1 exf4 18. Bxf4 Bg5 19. a3 Na6 20. Rc3 g6 21. Bxg5 Qxg5
22. Nf3 Qf6 23. Re1 Nac5 24. Re3 Ne5 25. Bf1 Rae8 26. Kh1 Re7 27. Qc2 Rfe8 28.
Nd4 Qh4 29. Qd2 Ne4 30. g3 Nxd2 31. gxh4 Nxf1 32. Rxf1 Nxc4 33. Re6 Rxe6 34.
dxe6 Kg7 35. Re1 Kf6 36. Re2 Rc8 37. Nb5 Ke7 38. h5 Ne5 39. hxg6 hxg6 40. Rd2
Rc1+ 41. Kg2 Nc4 42. Re2 Ne5 43. Rd2 Rc6 44. h4 Nc4 45. Re2 Rc5 46. Nd4 Re5 47.
Rf2 Re4 48. Nf3 Rxe6 49. h5 Ne3+ 50. Kh3 gxh5 51. Kh4 Kf6 52. Kxh5 Re8 53. Kh4
f4 54. Kh3 Rh8+ 55. Nh4 Kg5 0-1

[Event "Grand Prix CCAS 2010"]
[Site "Cap d'Agde"]
[Date "2010.10.24"]
[Round "2.4"]
[White "Cornette, Matthieu"]
[Black "Manoeuvre, Antoine"]
[Result "1-0"]
[WhiteElo "2534"]
[BlackElo "2257"]
[PlyCount "95"]
[EventDate "2010.??.??"]

1. d4 Nf6 2. c4 g6 3. Nf3 Bg7 4. g3 O-O 5. Bg2 d6 6. O-O Nc6 7. Nc3 a6 8. b3
Rb8 9. Nd5 e6 10. Nxf6+ Qxf6 11. Bb2 Qe7 12. e4 f5 13. Re1 Qd8 14. exf5 gxf5
15. Rb1 Ne7 16. Ng5 Rf6 17. f4 Rg6 18. Nf3 Qf8 19. Qe2 Bd7 20. d5 Re8 21. Nh4
Rh6 22. Bxg7 Qxg7 23. dxe6 Rxe6 24. Qd3 b6 25. Rxe6 Bxe6 26. Re1 Bd7 27. Nf3
Qf6 28. Nd4 Kf8 29. h4 Ng6 30. Rxe8+ Kxe8 31. a4 Ne7 32. Kh2 Kd8 33. Kh3 Qg7
34. Qe3 Qf6 35. Bf3 c5 36. Ne2 Qa1 37. Nc3 Qb2 38. Nd5 Nxd5 39. Bxd5 Qa1 40.
Qf3 Be8 41. Qe2 Bd7 42. Bg2 Qg7 43. Qd3 Ke7 44. Qd5 b5 45. cxb5 axb5 46. a5 Qa1
47. Qg8 h5 48. Qg5+ 1-0

[Event "Grand Prix CCAS 2010"]
[Site "Cap d'Agde"]
[Date "2010.10.24"]
[Round "2.5"]
[White "Favarel, Antoine"]
[Black "Prie, Eric"]
[Result "0-1"]
[WhiteElo "2266"]
[BlackElo "2526"]
[PlyCount "80"]
[EventDate "2010.??.??"]

1. e4 d5 2. exd5 Qxd5 3. Nc3 Qa5 4. d4 Nf6 5. Nf3 Bf5 6. Bc4 e6 7. Bd2 Bb4 8.
a3 Bxc3 9. Bxc3 Qb6 10. O-O Nc6 11. b4 Bg4 12. b5 Bxf3 13. Qxf3 Nxd4 14. Bxd4
Qxd4 15. Qxb7 O-O 16. Bd3 Nd5 17. Rfd1 Qc5 18. c4 Rab8 19. Qa6 Nf6 20. h3 e5
21. Re1 Rfd8 22. Re3 Rd6 23. Qa4 Rbd8 24. Qb3 g6 25. Rae1 Nd7 26. Be4 f6 27.
Qb4 Kg7 28. Bd5 a6 29. bxa6 Rxa6 30. Qxc5 Nxc5 31. Rb1 c6 32. Bf3 Rd4 33. Be2
h5 34. Rb8 h4 35. Kh2 Rf4 36. Kg1 Rd4 37. Kh2 Re4 38. Rc8 Rxe3 39. fxe3 Rxa3
40. Rxc6 Ne4 {#} 0-1

[Event "Grand Prix CCAS 2010"]
[Site "Cap d'Agde"]
[Date "2010.10.24"]
[Round "2.6"]
[White "Kosten, Anthony C"]
[Black "Schweitzer, Viktoriya"]
[Result "1-0"]
[WhiteElo "2513"]
[BlackElo "2240"]
[PlyCount "121"]
[EventDate "2010.??.??"]

1. c4 e5 2. g3 Nc6 3. Bg2 Nf6 4. Nc3 Bb4 5. Nd5 a5 6. e3 O-O 7. Ne2 Re8 8. O-O
Bf8 9. b3 d6 10. Bb2 Bf5 11. d3 Nxd5 12. cxd5 Nb4 13. e4 Bd7 14. a3 Na6 15. d4
Bb5 16. Re1 Bxe2 17. Rxe2 g6 18. Qd2 b6 19. b4 Nb8 20. Rc1 axb4 21. axb4 Bg7
22. dxe5 dxe5 23. Qc3 Ra7 24. Rec2 Qd6 25. Bf1 Bf8 26. Bb5 Re7 27. Ra1 Rxa1+
28. Bxa1 f6 29. Ra2 Rg7 30. Ra8 Qd8 31. Qb3 Bd6 32. Bc3 Rf7 33. Bf1 Rf8 34. Bh3
Qe8 35. Be6+ Kg7 36. Qa4 Qxa4 37. Rxa4 Rd8 38. Kf1 Kf8 39. Ke2 Ke7 40. h4 Nd7
41. Bh3 Rf8 42. Bd2 Rb8 43. Ra1 h5 44. f4 Rg8 45. Kf3 f5 46. exf5 exf4 47. fxg6
Nf6 48. gxf4 Rxg6 49. Re1+ Kf7 50. Bf5 Rh6 51. Be6+ Kf8 52. Rg1 Rh7 53. Rg6 Be7
54. Bc3 Rg7 55. Rxf6+ Bxf6 56. Bxf6 Rg1 57. Be5 Rc1 58. f5 b5 59. f6 Rb1 60. d6
c6 61. d7 1-0

[Event "Grand Prix CCAS 2010"]
[Site "Cap d'Agde"]
[Date "2010.10.24"]
[Round "2.7"]
[White "Baron, Thierry"]
[Black "Libiszewski, Fabien"]
[Result "0-1"]
[WhiteElo "2257"]
[BlackElo "2498"]
[PlyCount "100"]
[EventDate "2010.??.??"]

1. e4 c5 2. Nf3 Nc6 3. d4 cxd4 4. Nxd4 e5 5. Nb5 d6 6. N1c3 a6 7. Na3 b5 8. Nd5
Nge7 9. c4 Nd4 10. Be3 Nxd5 11. cxd5 f5 12. Bxd4 exd4 13. Qxd4 Be7 14. exf5 O-O
15. g4 Bf6 16. Qd2 Qe7+ 17. Be2 Re8 18. Kf1 Qe4 19. Rg1 Bb7 20. Rd1 Rac8 {#}
21. b3 Rc5 22. Qd3 Qf4 23. Qg3 Qb4 24. Nb1 Rxd5 25. Rxd5 Bxd5 26. Bf3 Bf7 27.
Kg2 Be5 28. Qh4 Qa5 29. g5 Qxa2 30. g6 hxg6 31. fxg6 Bxg6 32. Bd5+ Bf7 33.
Bxf7+ Kxf7 34. Qh5+ g6 35. Qf3+ Kg7 36. Qb7+ Kh8 37. Qf7 Rg8 38. Re1 Qc2 39.
Re3 Qc6+ 40. Rf3 Qe4 41. Nd2 Qg4+ 42. Kf1 Rc8 43. h3 Rc1+ 44. Ke2 Qh5 45. Ne4
Bg7 46. Qf4 Rb1 47. Qxd6 Rb2+ 48. Nd2 Kh7 49. Qf4 a5 50. Kd1 Rxd2+ 0-1

[Event "Grand Prix CCAS 2010"]
[Site "Cap d'Agde"]
[Date "2010.10.24"]
[Round "2.8"]
[White "Inkiov, Ventzislav"]
[Black "Medghoul, Sherif"]
[Result "1-0"]
[WhiteElo "2485"]
[BlackElo "2220"]
[PlyCount "79"]
[EventDate "2010.??.??"]

1. d4 d5 2. c4 c6 3. Nf3 Nf6 4. Nc3 e6 5. g3 Nbd7 6. Bg2 b6 7. O-O Bb7 8. Nd2
Rc8 9. e4 dxc4 10. Nxc4 b5 11. Ne3 b4 12. Ne2 c5 13. d5 Nb6 14. Re1 Be7 15. Nf4
O-O 16. Qc2 exd5 17. exd5 Ne8 18. Nf5 Bd6 19. Nh5 g6 20. Qd2 Nf6 21. Nh6+ Kh8
22. Nxf6 Qxf6 23. Ng4 Qd4 24. Qxd4+ cxd4 25. Bh6 Rfe8 26. Nf6 Rxe1+ 27. Rxe1
Bf8 28. Bxf8 Rxf8 29. Re7 Kg7 30. Ne8+ Kg8 {#} 31. d6 Bxg2 32. Kxg2 f5 33. b3
Rf7 34. d7 Nxd7 35. Rxd7 Rxd7 36. Nf6+ Kf7 37. Nxd7 Ke6 38. Nf8+ Ke5 39. Kf3 g5
40. Nxh7 1-0

[Event "Grand Prix CCAS 2010"]
[Site "Cap d'Agde"]
[Date "2010.10.24"]
[Round "2.9"]
[White "Lemeaux, David"]
[Black "Bruno, Fabio"]
[Result "1-0"]
[WhiteElo "2223"]
[BlackElo "2477"]
[PlyCount "49"]
[EventDate "2010.??.??"]

1. d4 d5 2. c4 c6 3. Nf3 e6 4. Nc3 Nf6 5. Bg5 dxc4 6. e4 b5 7. e5 h6 8. Bh4 g5
9. Nxg5 hxg5 10. Bxg5 Nbd7 11. exf6 Bb7 12. g3 Qa5 13. Bg2 O-O-O 14. O-O Nb6
15. Qg4 b4 16. Ne4 Rxd4 17. Be3 Rd7 18. Ng5 Nd5 19. Bd4 Bc5 20. Be5 Nb6 {#} 21.
Nxf7 Rf8 22. Ng5 Bxf2+ 23. Rxf2 Qxe5 24. Nxe6 Rxf6 25. Qg8+ 1-0

[Event "Grand Prix CCAS 2010"]
[Site "Cap d'Agde"]
[Date "2010.10.24"]
[Round "2.10"]
[White "Delorme, Axel"]
[Black "Joie, Sebastien"]
[Result "1-0"]
[WhiteElo "2475"]
[BlackElo "2216"]
[PlyCount "85"]
[EventDate "2010.??.??"]

1. d4 Nf6 2. c4 e6 3. g3 d5 4. Nf3 Be7 5. Bg2 O-O 6. O-O dxc4 7. Qc2 a6 8. a4
Bd7 9. Qxc4 Bc6 10. Bg5 a5 11. Nc3 Na6 12. Bxf6 Bxf6 13. e4 Nb4 14. Rad1 b6 15.
d5 exd5 16. exd5 Bb7 17. Nd4 Bxd4 18. Rxd4 Ba6 19. Nb5 Bxb5 20. axb5 Qd6 21.
Rc1 Rac8 22. Bh3 Rcd8 23. Qxc7 Qxc7 24. Rxc7 Rd6 25. Rd7 Rxd7 26. Bxd7 Rd8 27.
Bc6 Rd6 28. g4 g5 29. Kg2 Kf8 30. Kg3 Ke7 31. Re4+ Kf6 32. f4 h6 33. Rd4 Ke7
34. Re4+ Kf6 35. Rd4 Ke7 36. h4 f6 37. Re4+ Kf7 38. fxg5 fxg5 39. hxg5 hxg5 40.
Re5 Nd3 41. Rxg5 Nxb2 42. Rf5+ Rf6 43. d6 1-0

[Event "Grand Prix CCAS 2010"]
[Site "Cap d'Agde"]
[Date "2010.10.25"]
[Round "3.1"]
[White "Palac, Mladen"]
[Black "Ansell, Simon T"]
[Result "1-0"]
[WhiteElo "2561"]
[BlackElo "2402"]
[PlyCount "82"]
[EventDate "2010.??.??"]

1. e4 c6 2. d4 d5 3. Nc3 dxe4 4. Nxe4 Nf6 5. Nxf6+ gxf6 6. Nf3 Bg4 7. Be2 e6 8.
Bf4 Bd6 9. Bg3 h5 10. c3 Bxf3 11. Bxf3 h4 12. Bxd6 Qxd6 13. Qb3 Qc7 14. O-O-O
Nd7 15. c4 O-O-O 16. Kb1 Kb8 17. Rhe1 Qb6 18. Qa3 e5 19. c5 Qc7 20. d5 cxd5 21.
Rxd5 f5 22. Qc3 f6 23. Red1 e4 24. Be2 Ne5 25. Qe3 Rxd5 26. Rxd5 Rc8 27. a3 Qf7
28. Rd6 Nc4 29. Bxc4 Qxc4 30. Qf4 {#} Qxc5 31. Rd5+ Qc7 32. Rxf5 Qxf4 33. Rxf4
Rg8 34. g4 hxg3 35. fxg3 Rh8 36. h4 Re8 37. Kc2 e3 38. Kd1 e2+ 39. Ke1 Re3 40.
g4 Re8 41. h5 Kc7 1-0

[Event "Grand Prix CCAS 2010"]
[Site "Cap d'Agde"]
[Date "2010.10.25"]
[Round "3.2"]
[White "Bogner, Sebastian"]
[Black "Benitah, Yohan"]
[Result "1-0"]
[WhiteElo "2549"]
[BlackElo "2392"]
[PlyCount "75"]
[EventDate "2010.??.??"]

1. d4 d5 2. c4 c6 3. Nc3 Nf6 4. e3 e6 5. Nf3 Nbd7 6. Qc2 Bd6 7. b3 O-O 8. Bd3
Qe7 9. O-O dxc4 10. bxc4 e5 11. Ng5 h6 12. Nge4 Bb4 13. Ng3 Nb6 14. Rb1 exd4
15. exd4 Rd8 16. Nce2 Bg4 17. Qb3 Bd6 18. h3 Be6 19. Be3 Qd7 20. Rfd1 Kh8 21.
a4 Rab8 22. Nf4 Bc7 23. Re1 Re8 24. Re2 Qd8 25. Rbe1 Bd7 26. Bb1 Be6 27. Nxe6
Rxe6 28. Qc2 Bxg3 29. fxg3 Qd7 30. a5 Na8 31. Qb2 Re7 32. Bf4 Rbe8 33. Be5 Nh7
34. c5 Nc7 {#} 35. d5 Nxd5 36. Bxg7+ Kg8 37. Bxh6 Nhf6 38. Re5 1-0

[Event "Grand Prix CCAS 2010"]
[Site "Cap d'Agde"]
[Date "2010.10.25"]
[Round "3.3"]
[White "Debray, Christopher"]
[Black "Cornette, Matthieu"]
[Result "1-0"]
[WhiteElo "2361"]
[BlackElo "2534"]
[PlyCount "35"]
[EventDate "2010.??.??"]

1. d4 Nf6 2. c4 g6 3. Nc3 d5 4. cxd5 Nxd5 5. e4 Nxc3 6. bxc3 Bg7 7. Nf3 c5 8.
Rb1 O-O 9. Be2 b6 10. O-O e6 11. Bg5 f6 12. Be3 cxd4 13. cxd4 Bb7 14. Bd3 Nc6
15. Bc4 Qe7 16. Bd2 Rfe8 17. Qb3 Nd8 18. d5 {suite illisible} 1-0

[Event "Grand Prix CCAS 2010"]
[Site "Cap d'Agde"]
[Date "2010.10.25"]
[Round "3.4"]
[White "Prie, Eric"]
[Black "Simon, Olivier"]
[Result "1-0"]
[WhiteElo "2526"]
[BlackElo "2344"]
[PlyCount "81"]
[EventDate "2010.??.??"]

1. d4 Nf6 2. Bf4 g6 3. Nc3 d5 4. Qd2 Bg7 5. Bh6 Bxh6 6. Qxh6 c5 7. dxc5 Qa5 8.
e3 Qxc5 9. Nf3 a6 10. Ng5 Nc6 11. O-O-O Be6 12. Nxe6 fxe6 13. Qh3 Kf7 14. g4 h5
15. g5 Ng4 16. Be2 Nge5 17. Rd2 Rac8 18. Rhd1 b5 19. Kb1 Na5 20. Rd4 Rc6 21. e4
b4 22. exd5 bxc3 23. dxc6 Rb8 24. b3 Naxc6 25. Re4 Rb4 26. Rxb4 Qxb4 27. f4 Ng4
28. Bxg4 hxg4 29. Qe3 Na7 30. a4 Nc6 31. Ka2 Qa5 32. Re1 Nb4+ 33. Kb1 Qf5 34.
Qxc3 Qxf4 35. Qc4 Qxc4 36. bxc4 Nc6 37. Rf1+ Ke8 38. Rf4 Ne5 39. Re4 Nf3 40.
Rxg4 Nxh2 41. Rg3 1-0

[Event "Grand Prix CCAS 2010"]
[Site "Cap d'Agde"]
[Date "2010.10.25"]
[Round "3.5"]
[White "Karim, Ismael"]
[Black "Kosten, Anthony C"]
[Result "1/2-1/2"]
[WhiteElo "2360"]
[BlackElo "2513"]
[PlyCount "43"]
[EventDate "2010.??.??"]

1. e4 e5 2. Nf3 Nc6 3. Nc3 Nf6 4. d4 exd4 5. Nxd4 Bb4 6. Nxc6 bxc6 7. Bd3 O-O
8. O-O Re8 9. Bg5 h6 10. Bh4 g5 11. Bg3 Bxc3 12. bxc3 Nxe4 13. Qh5 Kg7 14. Bxe4
Rxe4 15. f4 f5 16. fxg5 Qxg5 17. Qxg5+ hxg5 18. Rxf5 Kg6 19. Raf1 Ba6 20. Rf6+
Kh5 21. Rd1 d6 22. h3 1/2-1/2

[Event "Grand Prix CCAS 2010"]
[Site "Cap d'Agde"]
[Date "2010.10.25"]
[Round "3.6"]
[White "Libiszewski, Fabien"]
[Black "Favarel, Julien"]
[Result "1-0"]
[WhiteElo "2498"]
[BlackElo "2295"]
[PlyCount "183"]
[EventDate "2010.??.??"]

1. e4 c5 2. Nf3 Nc6 3. Nc3 Nf6 4. Bb5 g6 5. e5 Ng4 6. Bxc6 dxc6 7. h3 Nh6 8. d3
Nf5 9. Ne4 Nd4 10. O-O b6 11. Bg5 Qc7 12. Re1 Be6 13. Bf4 h6 14. Nxd4 cxd4 15.
Qd2 Qd7 16. a4 Bg7 17. a5 g5 18. Bh2 O-O 19. axb6 axb6 20. Qb4 Rab8 21. Ng3 c5
22. Qd2 Ra8 23. Nh5 Rxa1 24. Rxa1 Bh8 25. f4 f6 26. Qe2 Bd5 27. Re1 fxe5 28.
fxg5 hxg5 29. Bxe5 Bf6 30. Bxf6 exf6 31. Qe7 Qxe7 32. Rxe7 Rf7 33. Re8+ Kh7 34.
Rb8 Kg6 35. g4 Ba2 36. Rxb6 Bb1 37. Rc6 Bxc2 38. Rxc5 Bxd3 39. Rd5 Rc7 40. Rxd4
Rc1+ 41. Kh2 Rc2+ 42. Kg3 Bf1 43. Rb4 Bg2 44. h4 Bc6 45. hxg5 fxg5 46. Rd4 Kf7
47. Rd6 Ke7 48. Rg6 Be8 49. Rb6 Bc6 50. Ng7 Kf6 51. Nf5 Ke5 52. Rb4 Rg2+ 53.
Kh3 Rd2 54. Rb6 Rc2 55. Ne3 Rc1 56. Kg3 Kd4 57. Kf2 Be4 58. Rb4+ Ke5 59. Nc4+
Kd5 60. Nb6+ Ke5 61. Nd7+ Kd6 62. Rxe4 Kxd7 63. Ke3 Rc2 64. b4 Rb2 65. Rc4 Kd6
66. Ke4 Rf2 67. Rd4+ Ke6 68. Ke3 Rb2 69. Kd3 Ke5 70. Re4+ Kd5 71. Rd4+ Ke5 72.
Kc3 Rb1 73. Rc4 Rc1+ 74. Kb3 Ra1 75. Kb2 Ra4 76. Kc2 Ra2+ 77. Kb3 Ra1 78. b5
Kd5 79. Rc2 Rb1+ 80. Ka4 Ra1+ 81. Kb4 Kd6 82. Rc6+ Kd7 83. Rc5 Kd6 84. Rxg5 Kc7
85. Rc5+ Kb6 86. Rc6+ Kb7 87. g5 Rg1 88. g6 Rg5 89. Rf6 Rg1 90. Kc5 Rg5+ 91.
Kd6 Rxb5 92. Ke7 1-0

[Event "Grand Prix CCAS 2010"]
[Site "Cap d'Agde"]
[Date "2010.10.25"]
[Round "3.7"]
[White "Song, Julien"]
[Black "Inkiov, Ventzislav"]
[Result "0-1"]
[WhiteElo "2339"]
[BlackElo "2485"]
[PlyCount "62"]
[EventDate "2010.??.??"]

1. d4 Nf6 2. Nf3 g6 3. c4 Bg7 4. Nc3 O-O 5. Bg5 c5 6. d5 d6 7. e3 h6 8. Bh4 g5
9. Bg3 Nh5 10. Qc2 f5 11. Be2 Qe8 12. O-O a6 13. Bd3 Qf7 14. Nd2 Nd7 15. f4
Nxg3 16. hxg3 gxf4 17. gxf4 Qg6 18. Nf3 Nf6 19. Nh2 Bd7 20. a4 e6 21. dxe6 Bxe6
22. Nf3 d5 23. cxd5 Nxd5 24. Nxd5 Bxd5 25. Bc4 Rad8 26. Kh1 Kh8 27. Ra3 Qb6 28.
Bxd5 Rxd5 29. Rb1 Rfd8 30. Qe2 Qe6 31. b4 Qe4 0-1

[Event "Grand Prix CCAS 2010"]
[Site "Cap d'Agde"]
[Date "2010.10.25"]
[Round "3.8"]
[White "Collas, Silvia"]
[Black "Delorme, Axel"]
[Result "0-1"]
[WhiteElo "2320"]
[BlackElo "2475"]
[PlyCount "82"]
[EventDate "2010.??.??"]

1. d4 Nf6 2. c4 e6 3. Nc3 d5 4. Nf3 dxc4 5. e4 Bb4 6. Bg5 c5 7. Bxc4 cxd4 8.
Nxd4 Qa5 9. Bd2 Qc5 10. Bb5+ Nbd7 11. Nb3 Qb6 12. O-O Bxc3 13. Bxd7+ Bxd7 14.
Bxc3 Nxe4 15. Bxg7 Rg8 16. Bd4 Qb5 17. Be3 Nf6 18. g3 Qd5 19. Qxd5 Nxd5 20. Bd2
h5 21. h3 e5 22. Rfe1 f6 23. Kh2 O-O-O 24. Re4 b6 25. a4 a5 26. Nc1 Kb7 27. Ne2
Bc6 28. Rh4 Ne7 29. Bc3 Rh8 30. Be1 Bd5 31. g4 hxg4 32. Rxg4 Rh7 33. Ra3 Be6
34. Rg1 Nd5 35. Rgg3 Rc8 36. Rad3 Rc2 37. Rd2 Rc4 38. b3 Re4 39. f3 Re3 40. Rb2
Nf4 41. Nxf4 exf4 0-1